000 00948cam a22002773a 4500
001 23504
003 PGUSA
005 20140828083512.0
008 071116s2007||||xxu|||||s|||||000 1 eng d
040 _aPGUSA
_beng
042 _adc
050 4 _aPZ
100 1 _aKingston, William Henry Giles,
_d1814-1880
245 1 4 _aThe Story of Nelson :
_balso "The Grateful Indian", "The Boatswain's Son"
_h[electronic resource] /
_cWilliam Henry Giles Kingston
260 _bProject Gutenberg,
_c2007
506 _aPublic domain in the USA.
516 _aElectronic text
653 _aChildren's stories
653 _aSeafaring life -- Juvenile fiction
653 _aShip captains -- Juvenile fiction
653 _aNelson, Horatio Nelson, Viscount, 1758-1805 -- Juvenile fiction
653 _aIndians of North America -- Juvenile fiction
830 0 _aProject Gutenberg
_v23504
856 4 0 _uhttp://www.gutenberg.org/ebooks/23504
942 _cEB
999 _c252759
_d252759